Educational management : (Record no. 49644)
| 000 -LEADER | |
|---|---|
| fixed length control field | 00768aam a22001691a 4500 |
| 020 ## - INTERNATIONAL STANDARD BOOK NUMBER | |
| Cancelled/invalid ISBN | 0761965548 |
| 020 ## - INTERNATIONAL STANDARD BOOK NUMBER | |
| Cancelled/invalid ISBN | 0761965556 |
| Qualifying information | (pbk.) |
| 020 ## - INTERNATIONAL STANDARD BOOK NUMBER | |
| Cancelled/invalid ISBN | 9780761965541 |
| 245 00 - TITLE STATEMENT | |
| Title | Educational management : |
| Remainder of title | redefining theory, policy, and practice / |
| Statement of responsibility, etc | edited by Tony Bush [and four others]. |
| 260 ## - PUBLICATION, DISTRIBUTION, ETC. (IMPRINT) | |
| Place of publication, distribution, etc | London ; |
| -- | Thousand Oaks, Calif. : |
| Name of publisher, distributor, etc | P. Chapman Pub., |
| Date of publication, distribution, etc | 1999. |
| 300 ## - PHYSICAL DESCRIPTION | |
| Extent | 245 pages |
| 504 ## - BIBLIOGRAPHY, ETC. NOTE | |
| Bibliography, etc | Includes bibliographical references and index. |
| 505 0# - FORMATTED CONTENTS NOTE | |
| Formatted contents note | section 1. Schools and self-management -- section 2. Professional development -- section 3. Theory development -- section 4. Research in educational management. |
| 650 #0 - SUBJECT ADDED ENTRY--TOPICAL TERM | |
| Topical term or geographic name as entry element | School management and organization. Educational planning. |
| Geographic subdivision | Great Britain. |
| 9 (RLIN) | 86772 |
| 700 1# - ADDED ENTRY--PERSONAL NAME | |
| Personal name | Bush, Tony. |
| 9 (RLIN) | 86773 |
| 942 ## - ADDED ENTRY ELEMENTS (KOHA) | |
| Source of classification or shelving scheme | |
| Koha item type | Teacher's Resources |
| Withdrawn status | Lost status | Source of classification or shelving scheme | Damaged status | Not for loan | Collection code | Home library | Current library | Shelving location | Date acquired | Full call number | Barcode | Date last seen | Price effective from | Koha item type |
|---|---|---|---|---|---|---|---|---|---|---|---|---|---|---|
| TEACHERS' RESOURCES | Asian Hope Secondary Library | Asian Hope Secondary Library | SECONDARY | 10/10/2025 | 371.2 BUS | 208330 | 10/10/2025 | 10/10/2025 | Teacher's Resources |